000
00293nam a2200109Ia 4500
008
220214s9999 xx 000 0 und d
245
0
_a
Chemical Weekly
260
_b
Colour Publications
_a
Bombay
500
_a
Ending Volume & Year: 8, 1963
500
_a
Starting Volume & Year: 6, 1961
942
_c
BJ
999
_c
623
_d
623